000 01077nam a22001937a 4500
003 OSt
005 20251215152203.0
008 251215b |||||||| |||| 00| 0 eng d
040 _cDCL
082 _a၂၉၄.၃၈၂၄
100 0 _aပညာနန္ဒ၊
_cအရှင်။
245 1 0 _aသင်နည်းသစ် အဘိဓမ္မာ၊
_nစိတ်၊ စေတသိက်-ပကိဏ်း (ပထမဆင့်) /
_cစုစည်းစီစဉ်ပူဇော်သူ အရှင်ပညာနန္ဒ။
264 _a[နေရာမပါ] ၊
_b[ထုတ်ဝေသူမပါ]၊
_c၂၀၁၇။
300 _a၇၁ စာမျက်နှာ ၊
_c၂၁ စင်တီ။
500 _aဘဒ္ဒန္တခေမာစာရ အဂ္ဂမဟာပဏ္ဍိတ ၏ သက်တော်(၆၆) နှစ်ပြည့် အမှတ်တရ။
650 _aအဘိဓမ္မာ။
650 _aအဘိဓမ္မာ
_xအမေး-အဖြေ။
942 _2ddc
_cSHORT TERM
_n0
999 _c2717
_d2717